Normal view
MARC view
Entry Personal Name
001 - CONTROL NUMBER
- control field: 858107
003 - CONTROL NUMBER IDENTIFIER
- control field: OSt
005 - DATE AND TIME OF LATEST TRANSACTION
- control field: 20251219150935.0
008 - FIXED-LENGTH DATA ELEMENTS
- fixed length control field: 251219|| aca||aabn | a|a d
040 ## - CATALOGING SOURCE
- Original cataloging agency: OSt
- Transcribing agency: OSt
100 ## - HEADING--PERSONAL NAME
- Personal name: ਖ਼ੈਜਾ ਸਿੰਘ
670 ## - SOURCE DATA FOUND
- Source citation: Work cat.: (OSt)388082: ਖ਼ੈਜਾ ਸਿੰਘ, ਜਵਾਹਰਲਾਲ ਨਹਿਰੂ ਅਤੇ ਪੰਜਾਬ, 1975
